Information technology in everyday life : proceedings of the XXVI Annual Convention of the Computer Society of India, September 29-October 2, 1991 (Record no. 4704)

000 -LEADER
fixed length control field 00534nam a22001577a 4500
008 - FIXED-LENGTH DATA ELEMENTS--GENERAL INFORMATION
fixed length control field 200819b ||||| |||| 00| 0 eng d
020 ## - INTERNATIONAL STANDARD BOOK NUMBER
International Standard Book Number 0074601415
082 00 - DEWEY DECIMAL CLASSIFICATION NUMBER
Classification number 004
Item number G724
110 ## - MAIN ENTRY--CORPORATE NAME
9 (RLIN) 3749
Corporate name or jurisdiction name as entry element Computer Society of India
245 10 - TITLE STATEMENT
Title Information technology in everyday life : proceedings of the XXVI Annual Convention of the Computer Society of India, September 29-October 2, 1991
250 ## - EDITION STATEMENT
Edition statement 1st ed.
260 ## - PUBLICATION, DISTRIBUTION, ETC. (IMPRINT)
Place of publication, distribution, etc New Delhi:
Name of publisher, distributor, etc Tata McGraw-Hill,
Date of publication, distribution, etc 1991.
300 ## - PHYSICAL DESCRIPTION
Extent xi, 460 p.
650 #0 - SUBJECT ADDED ENTRY--TOPICAL TERM
Topical term or geographic name as entry element Information technology
942 ## - ADDED ENTRY ELEMENTS (KOHA)
Item type Books
Holdings
Withdrawn status Lost status Source of classification or shelving scheme Damaged status Not for loan Permanent location Current location Date acquired Full call number Barcode Date last seen Koha item type
          IMU Kolkata IMU Kolkata 2020-08-19 004 G724 08192 2020-08-19 Books
Designed and Maintained by IMU-KC Library, Kolkata Campus © Copyright All Rights Reserved

webs counters

Powered by Koha